书目信息 |
| 题名: |
中国知识腐败档案
|
|
| 作者: | 赵郭明 , 卢一萍 主编 | |
| 分册: | ||
| 出版信息: | 乌鲁木齐 新疆大学出版社 2005.03 |
|
| 页数: | 225页 | |
| 开本: | 25cm | |
| 丛书名: | ||
| 单 册: | ||
| 中图分类: | D923.415 | |
| 科图分类: | ||
| 主题词: | 著作权法--zhu zuo quan fa--案例--中国--汇编 | |
| 电子资源: | ||
| ISBN: | 7-5631-1933-7 | |
| 000 | 00839nam0 2200253 450 | |
| 001 | 012008403641 | |
| 005 | 20080421140411.42 | |
| 010 | @a7-5631-1933-7@dCNY28.00 | |
| 100 | @a20080421d2005 km y0chiy0120 ea | |
| 101 | 0 | @achi |
| 102 | @aCN@b650000 | |
| 105 | @ay z 000yy | |
| 106 | @ar | |
| 200 | 1 | @a中国知识腐败档案@Azhong guo zhi shi fu bai dang an@e2000-2004@f赵郭明, 卢一萍主编 |
| 210 | @a乌鲁木齐@c新疆大学出版社@d2005.03 | |
| 215 | @a225页@d25cm | |
| 300 | @a媒体视野 | |
| 330 | @a本书的主要内容: 本书为披露文化学术界一些不正常的抄袭剽窃案例,包括: 非杀人游戏、规训与惩戒等内容。 | |
| 606 | 0 | @a著作权法@Azhu zuo quan fa@x案例@y中国@j汇编 |
| 690 | @aD923.415@v4 | |
| 701 | 0 | @a赵郭明@Azhao guo ming@4主编 |
| 701 | 0 | @a卢一萍@Alu yi ping@4主编 |
| 801 | 0 | @aCN@bQSSK@c20080421 |
| 905 | @b20700024-26@dD923.415@eZ304@f3 | |
| 中国知识腐败档案:2000-2004/赵郭明, 卢一萍主编.-乌鲁木齐:新疆大学出版社,2005.03 |
| 225页;25cm |
| 媒体视野 |
| ISBN 7-5631-1933-7:CNY28.00 |
| 本书的主要内容: 本书为披露文化学术界一些不正常的抄袭剽窃案例,包括: 非杀人游戏、规训与惩戒等内容。 |
| ● |
| 相关链接 |
|
|
|
正题名:中国知识腐败档案
索取号:D923.415/Z304
 
预约/预借
| 序号 | 登录号 | 条形码 | 馆藏地/架位号 | 状态 | 备注 |
| 1 | 700024 | 207000243 | 社科库509/509社科库 92排6列5层/ [索取号:D923.415/Z304] | 在馆 | |
| 2 | 700025 | 207000252 | 社科库509/509社科库 92排6列5层/ [索取号:D923.415/Z304] | 在馆 | |
| 3 | 700026 | 207000261 | 社科库509/509社科库 92排6列5层/ [索取号:D923.415/Z304] | 在馆 |